00315nam a2200121Ia 4500008004100000041000800041082001200049100002000061245004400081260003200125300003100157365000500188240624s9999 xx 000 0 und d aeng a004 JOH aJOHNSON JAMES L aPROBABILITY AND STATISTICS FOR COMPUTER c2004aSingaporebJohn Wiley axvi, : 744 : p. : cm. ; 26 c